000 00768nam a2200229Ia 4500
003 GCL
008 140319s9999 xx 000 0 ara d
040 _aGCL /
_cGCL
082 0 4 _a811.009
_bع ش
100 1 _aعوض على الغبارى
245 1 0 _aشعر الطبيعة فى الادب المصرى ( القرن الرابع الهجرى ) /
_cعوض على الغبارى
260 _a[S.N] :
_bالهيئة المصرية العامة للكتاب ،
_c1989
300 _a368 ص
490 _a
650 0 4 _aالادب العربى
650 0 4 _aالشعر الوصفى
650 0 4 _aمصر
650 0 4 _aتاريخ ونقد
650 0 4 _aشعر الطبيعة
650 0 4 _aالادب العربى - مصر الاسلامية
942 _2ddc
_cBK
999 _c29875
_d29875